000 01027nam a22002657a 4500
001 7998
003 FISKH
005 20250818124108.0
008 250818b cb ||||| |||| 00| 0 eng d
020 _a9780756683528
040 _aFISKH
_beng
_cFISKH
_dFISKH
050 _aE176 .B218
082 _a973.099
100 _aBarber, James G.
245 _aPresidents :
_bDiscover the presidents who shaped American history, from the founding father to today's leaders /
_cWritten by James G.Barber
250 _aThis paperback edition published in 2011
260 _aLondon :
_bSmithsonian Institution ,
_c2000.
300 _a72 pages :
_bcolor illustrations , maps ;
_c28 cm .
490 _aDK Eyewitness Guides
520 _aOffers information about America's most influential political office and details on the men who have filled it.
650 _aPresidents-United States-History
_vJuvenile Literature
650 _aPresidents-United States-Biography
_vJuvenile Literature
942 _2ddc
_cBK
_n0
999 _c7998
_d7998